000 00304nam a22001337a 4500
008 171009b xxu||||| |||| 00| 0 eng d
020 _a0534189422
041 _aeng
080 _27 ED
_a159.9
100 _a49
101 _aPSI
245 _aSOCIAL FORCES AND AGING
_cATCHLEY.R.C
942 _2udc
_cBK
999 _c32580
_d32580